Score 0/20 Timer 02:00
2 Plays Today
Game Show Missing Word % Correct
The Price Is ___Right
96.9%
___ of FortuneWheel
96.8%
Are You _____ Than a 5th Grader?Smarter
96.5%
___ FeudFamily
94.3%
Let's Make a ___Deal
86.8%
To Tell the ___Truth
78.9%
Win, Lose or ___Draw
72.9%
Beat the ___Clock or Geeks
68.7%
Name That ___Tune
67.8%
___ SquaresHollywood
67.7%
Game Show Missing Word % Correct
___ RollersHigh
64.5%
___ SharksCard
54.8%
___ Your LuckPress
52.6%
Joker's ___Wild
51%
You Bet Your ___Life
50.7%
Sale of the ___Century
47.9%
___ SweepSupermarket
41.6%
I've Got a ___Secret
37.1%
Tic-Tac-___Dough
36.2%
___ for a DayQueen
34.2%

Today's Daily Dose

Remove Ads.
Support Sporcle.
Get the best of Sporcle when you Go Orange. This ad-free experience offers more features, more stats, and more fun while also helping to support Sporcle. Thank you for becoming a member.

You're not logged in!

Compare scores with friends on all Sporcle quizzes.
OR
Log In

Show Comments

Extras

Top Quizzes Today


Score Distribution

Your Account Isn't Verified!

In order to create a playlist on Sporcle, you need to verify the email address you used during registration. Go to your Sporcle Settings to finish the process.

Report this User

Report this user for behavior that violates our Community Guidelines.

Details: